| 000 | 00829nam a22002537a 4500 | ||
|---|---|---|---|
| 005 | 20170123162306.0 | ||
| 010 | _aB-122990 | ||
| 020 |
_c125.00 _a8182231086 |
||
| 035 | _aB-122990 | ||
| 037 | _bCen Lib/Ret | ||
| 040 |
_aDPL _bUR |
||
| 082 |
_aک _bج و گ |
||
| 100 |
_aجوگندر پال _914217 |
||
| 245 |
_aنہیں رحمان بابو / _cجوگندر پال |
||
| 246 |
_aNahi rehman babo / _bby Joginder Paul |
||
| 260 |
_aدہلی _bایجوکیشنل پبلشنگ ہاؤس _c2005 |
||
| 270 |
_a3108, وکل سٹریٹ کچہ پبدت لال کان _bدہلی _e110006 |
||
| 300 |
_a159p. _c21cm(Hb) |
||
| 650 |
_a اردو ادب _v _9110182 |
||
| 650 |
_aاردو افسانے _9110183 |
||
| 650 |
_aUrdu literature _9110184 |
||
| 650 |
_aUrdu stories _9110185 |
||
| 942 |
_2ddc _cUR _hک _mج و گ |
||
| 999 |
_c106300 _d106300 |
||